00342 a2200121 4500040001300000082001300013100002200026245006100048260004900109300002100158500001900179650002200198 aDLCbDLC a891.4391 aFarhat Abbas Shah aAa laga Jungle daro dewar saycFarhat Abbas Shahh[Urdu] aLahore:bShaam kay baad Publications,c1998. a144 p. ;c22 cm. aIncludes Index aUrdu - literature